000 00253nam a22001217a 4500
008 170527b xxu||||| |||| 00| 0 eng d
041 _aSRB
080 _a621.3
100 _a27
101 _aIM
245 _aBONPOCBL KNBEPHETNKN
_cBK
942 _2udc
_cBK
999 _c14672
_d14672